Statistiche per Elenca la formazione - Quiz n°29

Clicka qui per fare il quiz!

Statistiche generali

  • Questo quiz è stato fatto 25 volte
  • Il punteggio medio è 8 su 11

Statistiche sulle risposte

RuoloNazioneCalciatore% Corretto
DifensoreUruguayDiego Godín
96%
DifensoreBrasileFilipe Luis
91%
CentrocampistaSpagnaKoke
91%
PortiereBelgioThibaut Courtois
91%
AttaccanteBrasile / SpagnaDiego Costa
87%
CentrocampistaTurchiaArda Turan
83%
AttaccanteColombiaRadamel Falcao García
78%
DifensoreSpagbnaJuanfran
74%
DifensoreBrasileMiranda
74%
CentrocampistaSpagnaGabi
65%
CentrocampistaSpagnaMario Suárez
4%

Distribuzione punteggi

Percentile per numero di risposta

Percentuale di utenti per punteggio

I tuoi punteggi nel tempo

Non hai fatto questo quiz